01273nab a22002537a 4500999001500000003000400015005001700019008004100036040000700077100003000084245012200114260007300236300001500309500007500324505013700399505009900536505008900635650003200724650003100756650003500787650004200822773014200864942001301006 c6365d6365OSt20260131203845.0190603e xxum|||| |||| 00| 0 spa d cPJ 94160aSanchez, Alberto M.10aResponsabilidad civil de los establecimientos educativos :bla incidencia del caso fortuito /cAlberto M. Sánchez.  cCiudad Autónoma de Buenos Aires :aThomson Reuters La Ley, b2025. ap. 228-238 aCita: TR LALEY AR/DOC/2800/2025 Publicado en: RCCyC 2025 (Diciembre). aSumario: I. Introducción.— II. Hechos.— III. El fallo de 1ª Instancia.— IV. El fallo de 2ª Instancia.— V. Conclusión.  aFallo comentado: CNCiv., sala I ~ 18/07/2025 ~ R., M. A. c. P., A. D. s/ daños y perjuicios. t¿Te interesa el texto completo? Solicitalo al correo: koha@justierradelfuego.gov.ar 091467aRESPONSABILIDAD CIVIL 092823aDAÑOS Y PERJUICIOS 093451aRESPONSABILIDAD OBJETIVA 0aESTABLECIMIENTOS EDUCACIONALES 933180 0271393170dCiudad Autónoma de Buenos Aires : Thomson Reuters La Ley, 2015-tRevista Código Civil y Comercial. Nº 6 - Diciembre 2025 2udccANA